00462nam a2200157Ia 450000100060000000800410000602000150004704000130006208200160007510000180009124501050010926000620021430000100027654600070028665000110029345129140428s9999 xx 000 0 und d a969494452X cPK-LaUMT a 613bARO-F aArora, Anjali a5 steps to control high blood pressurebis high blood pressure affecting your health?cArora, Anjali aKarachi,Pakistan:bParamount Publishing Enterprise,c2007 a64 p. aEN aHealth